[Event "EOC-ch-Final 2021"]
[Site "Online"]
[Date "2021.03.30"]
[Round "2.5"]
[White "Adams, Michael"]
[Black "Grandelius, Nils"]
[Result "1/2-1/2"]
[WhiteElo "2716"]
[BlackElo "2663"]
[PlyCount "70"]
[EventDate "2021.03.30"]
[EventType "team-tourn"]
[EventCountry "NET"]
[SourceTitle "playchess.com"]
[Source "ChessBase"]
[SourceQuality "1"]

1. e4 c5 2. Nf3 d6 3. d4 cxd4 4. Nxd4 Nf6 5. Nc3 a6 6. a4 g6 7. Be2 Bg7 8. O-O
O-O 9. Be3 Nc6 10. Qd2 Rb8 11. h3 Bd7 12. Rfd1 Rc8 13. Nf3 Be6 14. Ng5 Ne5 15.
Nxe6 fxe6 16. a5 Nc4 17. Bxc4 Rxc4 18. e5 Ne8 19. exd6 Qxd6 20. Qe2 Qc6 21. Ra3
Nd6 22. Rb3 Rf5 23. Bb6 Re5 24. Qd3 Rg5 25. f3 Bxc3 26. bxc3 Rd5 27. Qe2 Rxd1+
28. Qxd1 Rxc3 29. Qe1 Nb5 30. Rxc3 Nxc3 31. Qe5 Nb5 32. Qb8+ Kg7 33. Qe5+ Kg8
34. Qb8+ Kg7 35. Qe5+ Kg8 1/2-1/2

[Event "EOC-ch-Final 2021"]
[Site "Online"]
[Date "2021.03.30"]
[Round "2.6"]
[White "Svane, Rasmus"]
[Black "Howell, David W L"]
[Result "1/2-1/2"]
[WhiteElo "2613"]
[BlackElo "2658"]
[PlyCount "86"]
[EventDate "2021.03.30"]
[EventType "team-tourn"]
[EventCountry "NET"]
[SourceTitle "playchess.com"]
[Source "ChessBase"]
[SourceQuality "1"]

1. Nf3 d5 2. g3 g6 3. c4 dxc4 4. Na3 Bg7 5. Nxc4 Nc6 6. d3 e5 7. Bd2 Nge7 8. h4
h6 9. Bc3 f6 10. Qb3 a5 11. a4 Be6 12. Bh3 Bf7 13. Rd1 b6 14. e4 O-O 15. d4
exd4 16. Nxd4 Nxd4 17. Rxd4 Qe8 18. Bd7 Qb8 19. O-O Qb7 20. Rfd1 Nc6 21. R4d2
Nb8 22. h5 Nxd7 23. Rxd7 gxh5 24. e5 Qc6 25. Rxf7 Rxf7 26. exf6 Bxf6 27. Nd6
cxd6 28. Bxf6 Raf8 29. Be7 Re8 30. Rxd6 Qf3 31. Qxf3 Rxf3 32. Kg2 Rb3 33. Bf6
Kf7 34. Bc3 Re6 35. Rd5 Kg6 36. f4 Re2+ 37. Kh3 Rexb2 38. Bxb2 Rxb2 39. Rd6+
Kg7 40. Rc6 Kh7 41. Rd6 Kg7 42. Rc6 Kh7 43. Rd6 Kg7 1/2-1/2

[Event "EOC-ch-Final 2021"]
[Site "Online"]
[Date "2021.03.30"]
[Round "2.7"]
[White "Jones, Gawain C B"]
[Black "Engel, Luis"]
[Result "1/2-1/2"]
[WhiteElo "2670"]
[BlackElo "2553"]
[PlyCount "254"]
[EventDate "2021.03.30"]
[EventType "team-tourn"]
[EventCountry "NET"]
[SourceTitle "playchess.com"]
[Source "ChessBase"]
[SourceQuality "1"]

1. Nf3 d5 2. c4 e6 3. g3 dxc4 4. Bg2 a6 5. O-O Nf6 6. Qc2 b5 7. a4 Bb7 8. Nc3
c6 9. Rd1 Nbd7 10. d3 cxd3 11. Rxd3 Qb6 12. Ng5 Be7 13. Be3 Qa5 14. Bd2 Qc7 15.
Rc1 h6 16. Nge4 Rc8 17. Qd1 Ne5 18. Bf4 g5 19. Bxe5 Qxe5 20. axb5 axb5 21.
Nxf6+ Bxf6 22. Ne4 Be7 23. Rd7 Rc7 24. Rxc7 Qxc7 25. Qd4 e5 26. Qa7 O-O 27. Nc5
Bxc5 28. Qxc5 Rd8 29. b4 Rd2 30. Bf3 Qd6 31. Qb6 Rd1+ 32. Rxd1 Qxd1+ 33. Kg2
Qd7 34. h3 Kg7 35. e3 h5 36. Qc5 g4 37. hxg4 hxg4 38. Be4 Qe6 39. Qb6 Qd7 40.
Qc5 f5 41. Qxe5+ Kg6 42. Bc2 c5+ 43. e4 cxb4 44. Kh2 Bxe4 45. Bxe4 fxe4 46.
Qxe4+ Qf5 47. Qxb4 Qxf2+ 48. Kh1 Qf3+ 49. Kh2 Qf2+ 50. Kh1 Qf1+ 51. Kh2 Qh3+
52. Kg1 Qxg3+ 53. Kh1 Qf3+ 54. Kg1 Qd1+ 55. Kg2 Qe2+ 56. Kg1 Kf5 57. Qc5+ Qe5
58. Qf8+ Ke4 59. Kg2 Qb2+ 60. Kg3 Kd3 61. Qf5+ Kc4 62. Qe6+ Kb4 63. Qe7+ Kb3
64. Qe6+ Kc2 65. Qe2+ Kb1 66. Qe4+ Ka2 67. Kxg4 Qg7+ 68. Kh5 Qf7+ 69. Kh6 Qc4
70. Qg2+ Ka3 71. Qf3+ Kb2 72. Qg2+ Kb1 73. Qg6+ Qc2 74. Qd6 Qc3 75. Kh7 b4 76.
Qd1+ Kb2 77. Qd5 b3 78. Kg8 Qg3+ 79. Kh8 Qh4+ 80. Kg8 Qg4+ 81. Kh8 Qh3+ 82. Kg8
Kc2 83. Qc4+ Qc3 84. Qe2+ Kc1 85. Qf1+ Kb2 86. Qe2+ Qc2 87. Qe5+ Ka2 88. Qa5+
Kb1 89. Qe1+ Qc1 90. Qe4+ Ka1 91. Qa4+ Kb2 92. Qd4+ Qc3 93. Qf2+ Ka3 94. Qa7+
Kb4 95. Qb6+ Kc4 96. Qc6+ Kd3 97. Qf3+ Kd2 98. Qf2+ Kc1 99. Qf1+ Kc2 100. Qe2+
Qd2 101. Qc4+ Kb2 102. Qe4 Qd8+ 103. Kg7 Qc7+ 104. Kg8 Qg3+ 105. Kh8 Qc3+ 106.
Kg8 Qc2 107. Qe5+ Kc1 108. Qa1+ Kd2 109. Qd4+ Qd3 110. Qb2+ Kd1 111. Kh8 Qc2
112. Qd4+ Ke2 113. Qe5+ Kd3 114. Qd5+ Kc3 115. Qe5+ Kb4 116. Qb8+ Ka3 117. Qa7+
Kb2 118. Kg8 Qg2+ 119. Kh8 Kb1 120. Qh7+ Kc1 121. Qc7+ Kd1 122. Qd7+ Qd2 123.
Qg4+ Kc1 124. Qc4+ Qc2 125. Qf1+ Kb2 126. Kg8 Qg6+ 127. Kh8 Qh6+ 1/2-1/2

[Event "EOC-ch-Final 2021"]
[Site "Online"]
[Date "2021.03.30"]
[Round "2.8"]
[White "Kramer, Julian"]
[Black "Cheparinov, Ivan"]
[Result "1-0"]
[WhiteElo "2419"]
[BlackElo "2667"]
[PlyCount "117"]
[EventDate "2021.03.30"]
[EventType "team-tourn"]
[EventCountry "NET"]
[SourceTitle "playchess.com"]
[Source "ChessBase"]
[SourceQuality "1"]

1. e4 c5 2. Nf3 d6 3. d4 cxd4 4. Nxd4 Nf6 5. Nc3 a6 6. a3 e5 7. Nf5 d5 8. Bg5
d4 9. Bxf6 gxf6 10. Nb1 Bxf5 11. exf5 Qd5 12. Qh5 Nd7 13. Nd2 O-O-O 14. Qf3
Qxf3 15. gxf3 Rg8 16. Ne4 Be7 17. Bc4 Rg7 18. Ke2 Nc5 19. Rhg1 Rdg8 20. Rg3
Nxe4 21. fxe4 Rg4 22. Kd3 R8g5 23. Bxf7 Rf4 24. Rf1 h5 25. Rxg5 fxg5 26. Bxh5
Rh4 27. Bf7 Kc7 28. Rh1 Rf4 29. Rf1 Rh4 30. Bd5 Rh3+ 31. Ke2 Rxh2 32. Rg1 Rh3
33. Rg3 Rh2 34. Rf3 Bf6 35. Rb3 b5 36. a4 Kb6 37. axb5 axb5 38. c4 d3+ 39. Rxd3
g4 40. Rg3 Bh4 41. Rxg4 Kc5 42. cxb5 Rxf2+ 43. Kd3 Rf3+ 44. Kc2 Bf2 45. Rg6
Kxb5 46. f6 Bc5 47. f7 Rf2+ 48. Kc3 Rf3+ 49. Kd2 Bf8 50. b3 Rf2+ 51. Ke1 Rf3
52. Ke2 Rf4 53. Rg8 Bd6 54. Rc8 Kb4 55. Rc4+ Kb5 56. Rc3 Kb4 57. Rf3 Rxf3 58.
Kxf3 Kc5 59. Kg4 1-0

[Event "EOC-ch-Final 2021"]
[Site "Online"]
[Date "2021.03.30"]
[Round "2.9"]
[White "Vidit, Santosh Gujrathi"]
[Black "Bluebaum, Matthias"]
[Result "1/2-1/2"]
[WhiteElo "2726"]
[BlackElo "2670"]
[PlyCount "132"]
[EventDate "2021.03.30"]
[EventType "team-tourn"]
[EventCountry "NET"]
[SourceTitle "playchess.com"]
[Source "ChessBase"]
[SourceQuality "1"]

1. d4 d5 2. c4 e6 3. Nc3 Nf6 4. Nf3 Bb4 5. Bg5 h6 6. Bxf6 Qxf6 7. Qa4+ Nc6 8.
e3 O-O 9. Be2 Bxc3+ 10. bxc3 Bd7 11. cxd5 exd5 12. O-O b6 13. Rfc1 Qd6 14. Qc2
Na5 15. Ne5 Be6 16. Nd3 c5 17. dxc5 bxc5 18. Nf4 Nc6 19. Rd1 Qe5 20. Bf3 Rad8
21. Qa4 Rd6 22. c4 Nb4 23. Nxe6 fxe6 24. a3 Nc6 25. cxd5 exd5 26. Rac1 Rxf3 27.
gxf3 Qh5 28. Kf1 Qxf3 29. Qf4 Qh3+ 30. Ke1 Rf6 31. Qg3 Qe6 32. Rxc5 Ne5 33.
Rcxd5 Nf3+ 34. Kf1 Qa6+ 35. R5d3 Kh7 36. Kg2 Ne1+ 37. Rxe1 Qxd3 38. Kh1 Qxa3
39. Rg1 Qe7 40. f3 Qf7 41. f4 a5 42. Qf3 Qe7 43. Ra1 Re6 44. Re1 Re4 45. Qh3
Qb7 46. Qg2 Qe7 47. Qc2 Kg8 48. Qb3+ Qe6 49. Qxe6+ Rxe6 50. Ra1 Ra6 51. Ra4 Kf7
52. Kg2 Ke6 53. Kf3 Kd5 54. Ke2 Kc5 55. Kd3 Kb5 56. Re4 a4 57. Kc2 g5 58. fxg5
hxg5 59. Kb2 Rh6 60. Ka3 Rxh2 61. Re5+ Kc4 62. Rxg5 Re2 63. Rg4+ Kd3 64. Kxa4
Rxe3 65. Kb5 Re4 66. Rxe4 Kxe4 1/2-1/2

[Event "EOC-ch-Final 2021"]
[Site "Online"]
[Date "2021.03.30"]
[Round "2.10"]
[White "Donchenko, Alexander"]
[Black "Wojtaszek, Radoslaw"]
[Result "1/2-1/2"]
[WhiteElo "2678"]
[BlackElo "2705"]
[PlyCount "60"]
[EventDate "2021.03.30"]
[EventType "team-tourn"]
[EventCountry "NET"]
[SourceTitle "playchess.com"]
[Source "ChessBase"]
[SourceQuality "1"]

1. Nf3 d5 2. g3 g6 3. Bg2 Bg7 4. d4 c6 5. O-O Nf6 6. b3 O-O 7. Bb2 a5 8. c4 a4
9. cxd5 cxd5 10. bxa4 Nc6 11. Nc3 Ne4 12. Nxe4 dxe4 13. Ne5 Nxe5 14. dxe5 Qa5
15. Qd4 Bf5 16. Bxe4 Bxe5 17. Qxe5 Qxe5 18. Bxe5 Bxe4 19. f3 Bc6 20. Bc3 Rxa4
21. a3 f6 22. Bb4 Kf7 23. Kf2 Rd8 24. Rfd1 Raa8 25. Rac1 h5 26. h4 Ke8 27. Ke3
Rxd1 28. Rxd1 Rd8 29. Rxd8+ Kxd8 30. Kf2 Kd7 1/2-1/2

[Event "EOC-ch-Final 2021"]
[Site "Online"]
[Date "2021.03.30"]
[Round "2.11"]
[White "Navara, David"]
[Black "Heimann, Andreas"]
[Result "1-0"]
[WhiteElo "2697"]
[BlackElo "2606"]
[PlyCount "81"]
[EventDate "2021.03.30"]
[EventType "team-tourn"]
[EventCountry "NET"]
[SourceTitle "playchess.com"]
[Source "ChessBase"]
[SourceQuality "1"]

1. c4 c5 2. Nf3 Nf6 3. Nc3 d5 4. cxd5 Nxd5 5. e3 e6 6. Nxd5 Qxd5 7. b3 Be7 8.
Bb2 O-O 9. h4 Nc6 10. Bc4 Qf5 11. g4 Qe4 12. d3 Qg6 13. h5 Qh6 14. Rh3 e5 15.
Nxe5 Bf6 16. Nxc6 Bxb2 17. Ne7+ Kh8 18. Rb1 Bc3+ 19. Kf1 Bd7 20. Qf3 Qg5 21.
Nf5 Bc6 22. e4 Rad8 23. Qg3 Qd2 24. Kg2 b5 25. Bd5 Bxd5 26. exd5 Rxd5 27. h6 g6
28. Qf3 Rd7 29. Rd1 Qxa2 30. Ng3 Qxb3 31. Ne4 Bd4 32. Nxc5 Qd5 33. Nxd7 Qxd7
34. Rhh1 f5 35. g5 Qe7 36. Qf4 Qb7+ 37. f3 Qd7 38. Rc1 Re8 39. Rhe1 Rxe1 40.
Qxd4+ Qxd4 41. Rc8+ 1-0

[Event "EOC-ch-Final 2021"]
[Site "Online"]
[Date "2021.03.30"]
[Round "2.12"]
[White "Keymer, Vincent"]
[Black "Sasikiran, Krishnan"]
[Result "1/2-1/2"]
[WhiteElo "2591"]
[BlackElo "2647"]
[PlyCount "41"]
[EventDate "2021.03.30"]
[EventType "team-tourn"]
[EventCountry "NET"]
[SourceTitle "playchess.com"]
[Source "ChessBase"]
[SourceQuality "1"]

1. d4 d5 2. c4 c6 3. Nf3 Nf6 4. e3 e6 5. Bd3 dxc4 6. Bxc4 Nbd7 7. O-O Bd6 8. b3
e5 9. Bb2 Qe7 10. Nbd2 O-O 11. Qc2 e4 12. Ng5 Bxh2+ 13. Kxh2 Ng4+ 14. Kg1 Qxg5
15. Qxe4 Ndf6 16. Qf4 Qxf4 17. exf4 Bf5 18. Rfe1 Rfe8 19. Nf3 Nd5 20. Bxd5 cxd5
21. Ne5 1/2-1/2

[Event "EOC-ch-Final 2021"]
[Site "Online"]
[Date "2021.03.30"]
[Round "2.13"]
[White "Mamedyarov, Shakhriyar"]
[Black "Fedoseev, Vladimir"]
[Result "0-1"]
[WhiteElo "2770"]
[BlackElo "2687"]
[PlyCount "80"]
[EventDate "2021.03.30"]
[EventType "team-tourn"]
[EventCountry "NET"]
[SourceTitle "playchess.com"]
[Source "ChessBase"]
[SourceQuality "1"]

1. d4 Nf6 2. c4 e6 3. Nc3 Bb4 4. Nf3 b6 5. Qb3 c5 6. dxc5 bxc5 7. g3 Nc6 8. Bg2
Ba6 9. O-O O-O 10. Rd1 h6 11. Bf4 Na5 12. Qa4 Bxc4 13. Ne5 d5 14. Rac1 Qb6 15.
Qc2 Bxc3 16. Qxc3 Bxa2 17. Qxc5 Nc4 18. Qxb6 axb6 19. Nd3 Bb3 20. Re1 g5 21.
Be5 Nxe5 22. Nxe5 Rfc8 23. Nc6 Kf8 24. Nd4 Ba4 25. f4 Ke7 26. e3 Bd7 27. h3 Kd6
28. Rxc8 Bxc8 29. fxg5 hxg5 30. Rf1 Nd7 31. Rxf7 Ne5 32. Rf8 Nc4 33. e4 Ra1+
34. Kh2 Bd7 35. exd5 exd5 36. h4 Rd1 37. Nf5+ Bxf5 38. Rxf5 Rd2 39. Rf6+ Ke5
40. Rxb6 Nxb6 0-1

[Event "EOC-ch-Final 2021"]
[Site "Online"]
[Date "2021.03.30"]
[Round "2.14"]
[White "Matlakov, Maxim"]
[Black "Guseinov, Gadir"]
[Result "1/2-1/2"]
[WhiteElo "2688"]
[BlackElo "2665"]
[PlyCount "95"]
[EventDate "2021.03.30"]
[EventType "team-tourn"]
[EventCountry "NET"]
[SourceTitle "playchess.com"]
[Source "ChessBase"]
[SourceQuality "1"]

1. e4 c5 2. Nf3 g6 3. c3 Nf6 4. e5 Nd5 5. d4 cxd4 6. Qxd4 Nc7 7. Be2 Nc6 8. Qe4
d6 9. exd6 Qxd6 10. O-O Qe6 11. Qxe6 Bxe6 12. Na3 h6 13. Rd1 Bg7 14. Nb5 Nxb5
15. Bxb5 O-O 16. Be3 a6 17. Bxc6 bxc6 18. Bc5 Rfb8 19. Rd2 Rb7 20. Nd4 Bxd4 21.
Bxd4 a5 22. Bc5 a4 23. f3 Bc4 24. Rd4 Bd5 25. Rb4 Rxb4 26. Bxb4 Re8 27. Kf2 f6
28. Ke3 e5 29. b3 axb3 30. axb3 Bxb3 31. Ra7 g5 32. Rc7 Bd5 33. Rd7 e4 34. Re7
Rxe7 35. Bxe7 Kf7 36. Bd8 exf3 37. gxf3 Ke6 38. f4 Kf5 39. fxg5 hxg5 40. Kf2
Kg6 41. Kg3 f5 42. h4 f4+ 43. Kg4 f3 44. Bb6 gxh4 45. Kxh4 Kf5 46. Kg3 Ke4 47.
Kf2 Kd3 48. Bd4 1/2-1/2

[Event "EOC-ch-Final 2021"]
[Site "Online"]
[Date "2021.03.30"]
[Round "2.15"]
[White "Abasov, Nijat"]
[Black "Vitiugov, Nikita"]
[Result "1/2-1/2"]
[WhiteElo "2664"]
[BlackElo "2715"]
[PlyCount "64"]
[EventDate "2021.03.30"]
[EventType "team-tourn"]
[EventCountry "NET"]
[SourceTitle "playchess.com"]
[Source "ChessBase"]
[SourceQuality "1"]

1. e4 e5 2. Bc4 Nf6 3. d3 Nc6 4. Nc3 Na5 5. Nf3 Nxc4 6. dxc4 Bb4 7. Qd3 Bxc3+
8. Qxc3 d6 9. Qd3 h6 10. h3 b6 11. Be3 Bb7 12. Nd2 a5 13. a4 Qe7 14. b3 Nd7 15.
O-O-O O-O-O 16. f3 Nc5 17. Bxc5 dxc5 18. Qe3 Qg5 19. Qxg5 hxg5 20. Nb1 Rxd1+
21. Rxd1 Rd8 22. Nc3 Rxd1+ 23. Kxd1 Kd8 24. Ke2 Ke7 25. Nd1 Bc8 26. Ne3 g6 27.
g4 c6 28. Kf2 f6 29. Kg3 Kf7 30. Kf2 Ke7 31. Kg3 Kf7 32. Kf2 Ke7 1/2-1/2

[Event "EOC-ch-Final 2021"]
[Site "Online"]
[Date "2021.03.30"]
[Round "2.16"]
[White "Esipenko, Andrey"]
[Black "Durarbayli, Vasif"]
[Result "1-0"]
[WhiteElo "2677"]
[BlackElo "2606"]
[PlyCount "101"]
[EventDate "2021.03.30"]
[EventType "team-tourn"]
[EventCountry "NET"]
[SourceTitle "playchess.com"]
[Source "ChessBase"]
[SourceQuality "1"]

1. d4 d5 2. c4 c6 3. Nf3 Nf6 4. e3 Bf5 5. Nc3 e6 6. Nh4 Be4 7. f3 Bg6 8. Qb3
Qc7 9. Bd2 Be7 10. Nxg6 hxg6 11. O-O-O dxc4 12. Bxc4 a6 13. Ne4 Nxe4 14. fxe4
c5 15. Kb1 Nc6 16. d5 b5 17. Be2 exd5 18. exd5 Ne5 19. Bc3 Bd6 20. h4 Qe7 21.
Qc2 Rd8 22. g3 Kf8 23. Qe4 Re8 24. Rdf1 Kg8 25. h5 gxh5 26. Bxh5 g6 27. Be2
Rxh1 28. Rxh1 Kg7 29. Qh4 Qxh4 30. gxh4 Rh8 31. b3 f5 32. Kc2 Kf6 33. Bb2 Rh7
34. a4 c4 35. bxc4 bxc4 36. Bc3 Bc5 37. Bxc4 Rc7 38. Kb3 Bxe3 39. Bxa6 Rc5 40.
Rd1 Bf4 41. d6 Ke6 42. Bb4 Rc1 43. Rxc1 Bxc1 44. Bc8+ Kf7 45. d7 Nc6 46. Bc5
Bd2 47. Kc4 Be1 48. Kb5 Nd8 49. a5 Bxh4 50. a6 Ne6 51. Bb6 1-0

[Event "EOC-ch-Final 2021"]
[Site "Online"]
[Date "2021.03.30"]
[Round "2.17"]
[White "Van Foreest, Jorden"]
[Black "Goryachkina, Aleksandra"]
[Result "1/2-1/2"]
[WhiteElo "2671"]
[BlackElo "2593"]
[PlyCount "155"]
[EventDate "2021.03.30"]
[EventType "team-tourn"]
[EventCountry "NET"]
[SourceTitle "playchess.com"]
[Source "ChessBase"]
[SourceQuality "1"]

1. d4 d5 2. Nf3 Nf6 3. g3 Bf5 4. c4 e6 5. Nc3 c6 6. Bg2 Nbd7 7. Nh4 Bg6 8. O-O
Be7 9. Qb3 Qb6 10. Nxg6 hxg6 11. Bf4 O-O 12. Rfd1 Qa6 13. cxd5 exd5 14. e4 dxe4
15. Nxe4 Qb6 16. Qc4 Qb4 17. b3 Nxe4 18. Bxe4 Nf6 19. Bf3 Rad8 20. a3 Qb6 21.
Rd3 Nd5 22. Bd2 Qc7 23. Rc1 Qd7 24. b4 a6 25. Kg2 Rfe8 26. a4 Bf6 27. h3 Re7
28. Qb3 Nc7 29. Be3 Qe8 30. b5 axb5 31. axb5 Nd5 32. Bd2 Re6 33. bxc6 bxc6 34.
Qa4 Nb6 35. Qb4 Nd5 36. Qc5 Be7 37. Qc4 Bf6 38. h4 Nb6 39. Qc5 Nd5 40. Qc2 Red6
41. Rb1 Ne7 42. Ba5 Rc8 43. Bb6 Nf5 44. Rbd1 Qe6 45. Kg1 Qe8 46. Kf1 Re6 47. h5
gxh5 48. Bxh5 g6 49. Bg4 Re4 50. Bf3 Re6 51. Rc3 Rd6 52. Rc4 Qd7 53. d5 c5 54.
Bxc5 Ra6 55. Kg1 Kg7 56. Bg4 Ra5 57. Bb6 Rxc4 58. Qxc4 Ra4 59. Bxf5 gxf5 60.
Qe2 Re4 61. Qf3 Rg4 62. d6 Rg6 63. Qf4 Bg5 64. Bd4+ Kh7 65. Qe5 Bf6 66. Qd5
Bxd4 67. Rxd4 Kg8 68. Kg2 f4 69. Rd3 fxg3 70. fxg3 Re6 71. Qg5+ Rg6 72. Qd5 Re6
73. Rd2 Kg7 74. Qg5+ Rg6 75. Qe5+ Kg8 76. Qd5 Re6 77. Rd4 Rg6 78. Rd3 1/2-1/2

[Event "EOC-ch-Final 2021"]
[Site "Online"]
[Date "2021.03.30"]
[Round "2.18"]
[White "Cramling, Pia"]
[Black "Maghsoodloo, Parham"]
[Result "0-1"]
[WhiteElo "2459"]
[BlackElo "2676"]
[PlyCount "72"]
[EventDate "2021.03.30"]
[EventType "team-tourn"]
[EventCountry "NET"]
[SourceTitle "playchess.com"]
[Source "ChessBase"]
[SourceQuality "1"]

1. Nf3 d5 2. d4 Nf6 3. c4 e6 4. Nc3 dxc4 5. e4 b5 6. e5 Nd5 7. Nxb5 Nb6 8. Be2
Nc6 9. O-O Be7 10. Qd2 O-O 11. Qf4 Nb4 12. Rd1 Ba6 13. Nc3 Nd3 14. Qg4 Kh8 15.
Ne4 Bb7 16. Bxd3 cxd3 17. Rxd3 Ba6 18. Rd1 Qd5 19. Nc3 Qc6 20. Ng5 h6 21. Nge4
Nd5 22. Nxd5 Qxd5 23. Nc3 Qc4 24. Qh5 Kh7 25. Be3 f5 26. exf6 Rxf6 27. Rac1 Qb4
28. Qe5 Bb7 29. d5 Bd6 30. Qd4 a5 31. f3 Rg6 32. Qd3 Qh4 33. h3 Qg3 34. Qe2
Qh2+ 35. Kf1 Qh1+ 36. Bg1 Bc5 0-1

[Event "EOC-ch-Final 2021"]
[Site "Online"]
[Date "2021.03.30"]
[Round "2.19"]
[White "Amin, Bassem"]
[Black "Paehtz, Elisabeth"]
[Result "1/2-1/2"]
[WhiteElo "2695"]
[BlackElo "2467"]
[PlyCount "106"]
[EventDate "2021.03.30"]
[EventType "team-tourn"]
[EventCountry "NET"]
[SourceTitle "playchess.com"]
[Source "ChessBase"]
[SourceQuality "1"]

1. e4 c5 2. Nf3 d6 3. g3 Nc6 4. Bg2 e5 5. O-O g6 6. a3 Bg7 7. d3 Nge7 8. c3 O-O
9. b4 b6 10. Nbd2 Ba6 11. c4 Bb7 12. b5 Nb8 13. Bb2 Nd7 14. Ne1 f5 15. exf5
Bxg2 16. Nxg2 Nxf5 17. Ne4 Nf6 18. Nxf6+ Bxf6 19. a4 a5 20. bxa6 Rxa6 21. Qb3
Qd7 22. Qb5 Qa7 23. Ne3 Nxe3 24. fxe3 Qb7 25. Bc3 Bg5 26. Rxf8+ Kxf8 27. e4 Qc8
28. Kg2 Kg7 29. Rf1 h5 30. h3 Bh6 31. h4 Be3 32. Rf3 Bh6 33. Rf2 Be3 34. Rf1
Bh6 35. Rf3 Bc1 36. Kf2 Bh6 37. Ke2 Kg8 38. Ke1 Kg7 39. Ke2 Kg8 40. Rf6 Qg4+
41. Kf2 Ra8 42. Qc6 Rf8 43. Qd5+ Kh7 44. Qxd6 Rxf6+ 45. Qxf6 Qd1 46. Qf7+ Bg7
47. Bxe5 Qd2+ 48. Kg1 Qd1+ 49. Kg2 Qe2+ 50. Kg1 Qe1+ 51. Kg2 Qe2+ 52. Kh3 Qg4+
53. Kg2 Qe2+ 1/2-1/2

[Event "EOC-ch-Final 2021"]
[Site "Online"]
[Date "2021.03.30"]
[Round "2.20"]
[White "Socko, Monika"]
[Black "Van Wely, Loek"]
[Result "1/2-1/2"]
[WhiteElo "2421"]
[BlackElo "2620"]
[PlyCount "94"]
[EventDate "2021.03.30"]
[EventType "team-tourn"]
[EventCountry "NET"]
[SourceTitle "playchess.com"]
[Source "ChessBase"]
[SourceQuality "1"]

1. e4 c5 2. Nf3 e6 3. g3 Nc6 4. Bg2 Nf6 5. Qe2 Be7 6. O-O O-O 7. c3 b6 8. Rd1
d5 9. e5 Nd7 10. d4 a5 11. Bf4 Ba6 12. Qe3 Rc8 13. h4 cxd4 14. cxd4 Nb4 15. Na3
Nb8 16. h5 Bc4 17. h6 g6 18. b3 Ba6 19. Bg5 N8c6 20. Rd2 Bxg5 21. Nxg5 Qe7 22.
Bf1 Na7 23. Nf3 Rc7 24. Bxa6 Nxa6 25. Nc2 Rfc8 26. Qe2 Nb8 27. Kg2 Nd7 28. Ne3
Qb4 29. Ng4 Rc3 30. Rad1 Nc6 31. Rd3 Ne7 32. Qe3 Nf5 33. Qg5 Qe7 34. Nf6+ Nxf6
35. exf6 Qf8 36. g4 Rxd3 37. Rxd3 Nd6 38. Nd2 Qd8 39. Qf4 Ne8 40. g5 Nd6 41.
Kh3 Rc2 42. a4 Kf8 43. Kg2 Ke8 44. Kh3 Qc7 45. Kg2 Qd8 46. Kh3 Qc7 47. Kg2 Qd8
1/2-1/2

[Event "EOC-ch-Final 2021"]
[Site "Online"]
[Date "2021.03.30"]
[Round "3.1"]
[White "Goryachkina, Aleksandra"]
[Black "Duda, Jan-Krzysztof"]
[Result "0-1"]
[WhiteElo "2593"]
[BlackElo "2743"]
[PlyCount "110"]
[EventDate "2021.03.30"]
[EventType "team-tourn"]
[EventCountry "NET"]
[SourceTitle "playchess.com"]
[Source "ChessBase"]
[SourceQuality "1"]

1. d4 Nf6 2. c4 e6 3. Nf3 d5 4. Nc3 c5 5. cxd5 cxd4 6. Qxd4 exd5 7. e4 dxe4 8.
Bb5+ Bd7 9. Bxd7+ Qxd7 10. Qe5+ Qe7 11. Qxe7+ Bxe7 12. Ng5 Bb4 13. O-O Bxc3 14.
bxc3 O-O 15. Rb1 h6 16. Nh3 b6 17. Be3 Nbd7 18. Bd4 Rfc8 19. Nf4 Rc4 20. Rfe1
Ra4 21. Re2 g5 22. Nh3 Rc8 23. Rbe1 Ra5 24. Kh1 Rf5 25. Ng1 Nc5 26. f3 exf3 27.
Nxf3 Ne6 28. h3 Nd5 29. Ne5 Nxd4 30. cxd4 Rf4 31. Nf3 Kg7 32. Re5 Rd8 33. Rc1
Rf6 34. Kg1 Nf4 35. Rc7 Nxh3+ 36. Kh2 Nf2 37. Ree7 Nd3 38. Ne5 Rxd4 39. Nxf7
Kg6 40. Ne5+ Nxe5 41. Rxe5 Ra4 42. Re2 Ra3 43. Rc8 Kh5 44. Rc4 b5 45. Rb4 a6
46. Rd4 Rc3 47. Red2 Rfc6 48. Rf2 R6c4 49. Rd6 Rh4+ 50. Kg1 Rc1+ 51. Rf1 Rxf1+
52. Kxf1 Ra4 53. Rd2 Kg4 54. Kf2 h5 55. g3 Ra3 0-1

[Event "EOC-ch-Final 2021"]
[Site "Online"]
[Date "2021.03.30"]
[Round "3.2"]
[White "Socko, Bartosz"]
[Black "Cramling, Pia"]
[Result "1-0"]
[WhiteElo "2618"]
[BlackElo "2459"]
[PlyCount "137"]
[EventDate "2021.03.30"]
[EventType "team-tourn"]
[EventCountry "NET"]
[SourceTitle "playchess.com"]
[Source "ChessBase"]
[SourceQuality "1"]

1. Nf3 c5 2. g3 Nc6 3. Bg2 g6 4. O-O Bg7 5. c4 e6 6. Nc3 Nge7 7. d3 O-O 8. Bd2
d5 9. Qc1 b6 10. Bh6 Bb7 11. Bxg7 Kxg7 12. cxd5 Nxd5 13. h4 Nd4 14. Nxd4 cxd4
15. Nxd5 Bxd5 16. Qf4 Bxg2 17. Kxg2 Qd5+ 18. Qf3 Qxf3+ 19. Kxf3 f5 20. e3 Rad8
21. Rac1 dxe3 22. Kxe3 Rf7 23. Rc3 e5 24. Rfc1 Rfd7 25. Rc7 Kf6 26. Rxd7 Rxd7
27. Rc8 h5 28. Rc6+ Kf7 29. b4 f4+ 30. gxf4 exf4+ 31. Ke4 Re7+ 32. Kxf4 Re2 33.
Rc7+ Kf6 34. Rxa7 Rxf2+ 35. Ke3 Rh2 36. Ra6 Ke5 37. Rxb6 Rh3+ 38. Kd2 Rxh4 39.
a4 g5 40. a5 Rh2+ 41. Kc3 Ra2 42. a6 g4 43. Rb5+ Kf4 44. Ra5 Rxa5 45. bxa5 g3
46. a7 g2 47. a8=Q g1=Q 48. Qf8+ Ke5 49. Qe7+ Kd5 50. Qd7+ Ke5 51. Qe7+ Kd5 52.
Qf7+ Kd6 53. Qf4+ Kd5 54. Qf5+ Kd6 55. Qf8+ Kd5 56. Qa8+ Kd6 57. Qa6+ Kd5 58.
Qc4+ Kd6 59. Qf4+ Kd5 60. a6 Qa1+ 61. Kd2 Qxa6 62. Qf5+ Kc6 63. Qg6+ Kb7 64.
Qf7+ Kb6 65. Qxh5 Qa2+ 66. Ke3 Qe6+ 67. Kd4 Kc6 68. Qc5+ Kd7 69. Qd5+ 1-0

[Event "EOC-ch-Final 2021"]
[Site "Online"]
[Date "2021.03.30"]
[Round "3.4"]
[White "Teclaf, Pawel"]
[Black "Dornbusch, Tatiana"]
[Result "1-0"]
[WhiteElo "2507"]
[BlackElo "2249"]
[PlyCount "91"]
[EventDate "2021.03.30"]
[EventType "team-tourn"]
[EventCountry "NET"]
[SourceTitle "playchess.com"]
[Source "ChessBase"]
[SourceQuality "1"]

1. Nf3 Nf6 2. b3 g6 3. Bb2 Bg7 4. g3 O-O 5. Bg2 d6 6. d4 c5 7. O-O Nc6 8. c4
Ne4 9. e3 Bg4 10. Qc1 Nb4 11. Ne1 Ng5 12. a3 Nc6 13. h4 cxd4 14. hxg5 Be2 15.
Bxc6 bxc6 16. exd4 Rb8 17. Qe3 Bxf1 18. Kxf1 Qb6 19. Nd2 Rfe8 20. Nd3 Rbd8 21.
Re1 Qa5 22. Nb4 Qc7 23. Qe4 Rc8 24. Bc3 e6 25. Qf3 a5 26. Nc2 Rb8 27. Qf4 Qd8
28. b4 axb4 29. Nxb4 Qd7 30. Ne4 e5 31. dxe5 dxe5 32. Nf6+ Bxf6 33. Qxf6 Re6
34. Qf3 Rbe8 35. Kg1 h6 36. gxh6 Kh7 37. Rd1 Qc7 38. Na6 Qa7 39. Nc5 Qxc5 40.
Qxf7+ Kxh6 41. Kg2 e4 42. Rh1+ Qh5 43. Rxh5+ Kxh5 44. Qh7+ Kg5 45. Qh4+ Kf5 46.
Qf4# 1-0

[Event "EOC-ch-Final 2021"]
[Site "Online"]
[Date "2021.03.30"]
[Round "3.5"]
[White "Fedoseev, Vladimir"]
[Black "Van Foreest, Jorden"]
[Result "0-1"]
[WhiteElo "2687"]
[BlackElo "2671"]
[PlyCount "88"]
[EventDate "2021.03.30"]
[EventType "team-tourn"]
[EventCountry "NET"]
[SourceTitle "playchess.com"]
[Source "ChessBase"]
[SourceQuality "1"]

1. e4 e5 2. Nf3 Nc6 3. Bb5 a6 4. Ba4 Bc5 5. c3 Nge7 6. d4 exd4 7. cxd4 Bb4+ 8.
Bd2 Bxd2+ 9. Nbxd2 d5 10. e5 O-O 11. O-O f6 12. Re1 fxe5 13. dxe5 Bf5 14. Bc2
h6 15. Bxf5 Nxf5 16. Nb3 Kh8 17. Rc1 Nh4 18. Nxh4 Qxh4 19. g3 Qg5 20. Rc5 d4
21. Qd2 Rae8 22. Qxg5 hxg5 23. Re4 d3 24. Kf1 Rf5 25. e6 d2 26. Ke2 Rxf2+ 27.
Kd1 Rd8 28. Nd4 Rxd4 29. Rxd4 Nxd4 30. e7 Re2 31. Rxc7 Kg8 32. Rxb7 Kf7 33. Rd7
Re1+ 34. Kxd2 Nf3+ 35. Kc3 Rxe7 36. Rd5 g4 37. h4 gxh3 38. Rf5+ Kg6 39. Rxf3
Kg5 40. Rf4 Re3+ 41. Kd2 Rxg3 42. Rf7 Kh4 43. Rf8 Rg2+ 44. Ke3 g5 0-1